Les 20 jeux les plus vendus de la nintendo 3DS - Statistiques

Statistiques générales
  • Ce quiz a été pris 107 fois
  • Le résultat moyen est 7 sur 20
Statistiques - réponses
Date Jeux % Correct
2011 Mario Kart 7
74%
2013 Pokémon X
63%
2013 Pokémon Y
59%
2012 Animal Crossing : New Leaf
58%
2011 The Legend of Zelda: Ocarina of Time 3D
52%
2013 The Legend of Zelda: A Link Between Worlds
49%
2012 New Super Mario Bros 2
48%
2014 Super Smash Bros
44%
2014 Pokémon Rubis Oméga
41%
2014 Pokémon Saphir Alpha
41%
2013 Tomodachi Life
38%
2011 Nintendogs + Cats : Golden retriever & ses nouveaux amis
33%
2011 Super Mario 3D Land
33%
2013 Luigi's Mansion 2
29%
2013 Donkey Kong Country Returns 3D
17%
2017 Yo-Kai Watch 2 : Esprits Farceurs
17%
2013 Mario et Luigi : Dream Team Bros
15%
2012 Paper Mario : Sticker Star
15%
2013 Monster Hunter 4
5%
2011 Monster Hunter 3G
1%
Aucun quiz correspondant
Distribution des résultats
% des personnes avec chaque résultat
Percentile par nombre de réponses
Votre historique - résultats
Vous n’avez pas pris ce quiz